| 000 | 01052nam a22003257a 4500 | ||
|---|---|---|---|
| 999 |
_c29422 _d29393 |
||
| 003 | EG-ScBUE | ||
| 005 | 20210922103452.0 | ||
| 008 | 200219t2005 cau f 000 0 eng d | ||
| 020 | _a9780787979102 | ||
| 020 | _a0787979104 | ||
| 040 |
_aEG-ScBUE _beng _erda _cEG-ScBUE _dEG-ScBUE |
||
| 082 | 0 | 4 |
_a428.4071 _bHIS _222 |
| 100 | 1 |
_aHiskes, Dolores G., _eauthor. |
|
| 245 | 1 | 0 |
_aphonic pathways : _bclear steps to easy reading and perfect spelling _cDolores G.Hiskes |
| 250 | _aNinth edition. | ||
| 264 | 1 |
_aSan Francisco, CA : _bJossey Bass, _c[2005] |
|
| 264 | 4 | _cc2005 | |
| 300 |
_axvii, 266 pages : _c36 cm. |
||
| 336 |
_2rdacontent _atext _btxt |
||
| 337 |
_2rdamedia _aunmediated _bn |
||
| 338 |
_2rdacarrier _avolume _bnc |
||
| 490 | 0 | _aJossey-Bass teacher | |
| 521 | _aAll ages. | ||
| 650 | 7 |
_aReading _xPhonetic method. _2BUEsh |
|
| 650 | 7 |
_aEnglish language _xOrthography and spelling _xStudy and teaching. _2BUEsh |
|
| 653 |
_aBUEsh _cSeptember2021 _bHHUUEENN |
||
| 655 |
_vReading book _934232 |
||
| 942 |
_2ddc _cBB |
||